Cartanian geometry, nonlinear waves, and control theory /
Guardado en:
| Autor Principal: | |
|---|---|
| Formato: | Libro |
| Idioma: | English |
| Publicado: |
Brookline, Mass. :
Math Sci Press,
c1979-
|
| Series: | Interdisciplinary mathematics ;
v. 20- |
| Materias: | |
| Etiquetas: |
Agregar Etiqueta
Sin Etiquetas, Sea el primero en etiquetar este registro!
|
| LEADER | 00812cam a2200241 a 4500 | ||
|---|---|---|---|
| 001 | MAT.inmabb005046 | ||
| 008 | 790123m19799999mau######b####000#0#eng## | ||
| 005 | 20080826170541.0 | ||
| 245 | 1 | 0 | |a Cartanian geometry, nonlinear waves, and control theory / |c Robert Hermann. |
| 260 | |a Brookline, Mass. : |b Math Sci Press, |c c1979- | ||
| 300 | |a v. <A > ; |c 23 cm. | ||
| 440 | 0 | |a Interdisciplinary mathematics ; |v v. 20- | |
| 504 | |a Incluye referencias bibliográficas. | ||
| 510 | 4 | |a MR, |c 80e:49028 |3 (pt. A) | |
| 020 | |a 0915692279 (pt. A) | ||
| 100 | 1 | |a Hermann, Robert, |d 1931- | |
| 650 | 0 | |a Geometry, Differential. | |
| 650 | 0 | |a Nonlinear waves. | |
| 650 | 0 | |a Control theory. | |
| 084 | |a 49E99 (57R25 58E25 58F14 93C99) |2 MR | ||
| 010 | |a 79000764 | ||
| 040 | |a DLC |c DLC |d DLC | ||
| 859 | |p A-5435 |3 Part A |b BIB. MATEMATICA | ||
